Forest atmosphere interaction: Proceedings of the forest environmental measurements, Tennessee 1983 (Record no. 39551)

MARC details
000 -LEADER
fixed length control field 00493nam a2200157Ia 4500
082 ## - DEWEY DECIMAL CLASSIFICATION NUMBER
Classification number 630*15*18(06)
Item number HUT
100 ## - MAIN ENTRY--AUTHOR NAME
Personal name HICKS, B B
245 #0 - TITLE STATEMENT
Title Forest atmosphere interaction: Proceedings of the forest environmental measurements, Tennessee 1983
260 ## - PUBLICATION, DISTRIBUTION, ETC. (IMPRINT)
Place of publication Dordrecht
Name of publisher Reidel
Year of publication 1985
650 ## - SUBJECT ADDED ENTRY--TOPICAL TERM
Topical Term Forest atmosphere interaction
650 ## - SUBJECT ADDED ENTRY--TOPICAL TERM
Topical Term Forest ecology
650 ## - SUBJECT ADDED ENTRY--TOPICAL TERM
Topical Term Hevea energy exchange
700 ## - ADDED ENTRY--PERSONAL NAME
Personal name HUTCHISON, B A
942 ## - ADDED ENTRY ELEMENTS (KOHA)
Koha item type Books
Holdings
Withdrawn status Lost status Damaged status Not for loan Home library Current library Date acquired Full call number Accession Number Koha item type
        RRII Library RRII Library 16/12/2021 630*15*18(06) HUT 19882 Books